| 000 | 00418nam a22001697a 4500 | ||
|---|---|---|---|
| 003 | NUST - PNEC | ||
| 005 | 20170116181121.0 | ||
| 008 | 151005b xxu||||| |||| 00| 0 eng d | ||
| 020 | _a- | ||
| 040 | _cLIBRARY | ||
| 082 | _a669.09 AIT | ||
| 100 |
_913526 _aAitchison, Leslie |
||
| 245 |
_aA history of metals : Vol 2 _cAitchison Leslie |
||
| 260 | _ac.1961 | ||
| 650 |
_913527 _aMetallurgy _xME |
||
| 942 |
_2ddc _cBK |
||
| 999 |
_c69580 _d69580 |
||